Kitárta kapuit a katolikus óvoda Nagymegyer

Bibliographic Details
Main Author: Kiss, Szilvia (Author)
Format: Article
Language:Hungarian
PhysicalDescription:Fotogr.
ISSN:1335-6534
Subjects:

MARC

LEADER 00000nab a2200000 a 4500
001 vtls011712036
003 SK-MaSNL
005 20260318132413.0
008 170925|2017 xo w| 000 02hun
015 |a SNBRB2017/09 
038 |a DSZK 
040 |a DSZK  |b slo  |c DSZK  |e AACR2 
041 0 |a hun 
044 |a xo  |c SK 
080 |a 373.24:27  |x (=511.141)  |x (437.612)  |2 2011 
100 1 |a Kiss, Szilvia  |4 aut  |9 529236 
245 1 0 |a Kitárta kapuit a katolikus óvoda  |b Nagymegyer  |c Kiss Szilvia 
300 |b Fotogr. 
610 2 7 |a Katolícka materská škola sv. Matky Terezy s vyučovacím jazykom maďarským (Veľký Meder, Slovensko)  |2 dszk  |9 1214277 
650 0 7 |a otvorenie  |2 dszk  |9 765696 
651 7 |a Veľký Meder (Slovensko)  |2 SNKPH  |9 19224 
773 0 |t Remény  |g Évf. XXVIII, sz. 38 (2017), o. 3  |x 1335-6534 
852 |a DSZK  |b KIS3GCP 
958 |a HU 
958 |a SK 
958 |a NT 
999 |c 2126605  |d 2128535